|
|
|
|
| LEADER |
00000cjm a2200000 4500 |
| 001 |
vtls011982894 |
| 003 |
SK-MaSNL |
| 005 |
20260301053612.0 |
| 007 |
sd cszc p |
| 008 |
200721s1974 xr ppz g 0 0 cze |
| 028 |
0 |
1 |
|a 33 0332
|b Panton
|
| 028 |
1 |
3 |
|a PG 101/A B
|b Panton
|
| 028 |
1 |
3 |
|a PG 102/A A
|b Panton
|
| 040 |
|
|
|a SNK
|b slo
|c SNK
|e rda
|
| 041 |
0 |
|
|a cze
|
| 044 |
|
|
|a xr
|c CZ
|
| 072 |
|
7 |
|a 78.011.26
|x Populárna hudba. Populárne piesne. Populárna tanečná hudba
|2 konspekt
|
| 080 |
|
|
|a 78.03.011.26
|2 2011
|
| 080 |
|
|
|a (086.72)
|2 2011
|
| 110 |
2 |
|
|a Martha a Tena
|4 aut
|9 364335
|
| 245 |
0 |
0 |
|a Až se vdám : Zoologická záhrada : Má to takhle být : Odpovědi na otázky
|c zpívá Martha a Tena Elefteriadu
|
| 264 |
|
1 |
|a [Praha]
|b Panton
|c [1974]
|
| 264 |
|
4 |
|c Ⓟ1974
|
| 300 |
|
|
|a 1 gramofónová platňa
|c 18 cm
|
| 336 |
|
|
|a hraná hudba
|b prm
|2 rdacontent
|
| 337 |
|
|
|a audio
|b s
|2 rdamedia
|
| 338 |
|
|
|a iný
|b z
|2 rdacarrier
|
| 340 |
|
|
|a vinyl
|a rda
|
| 500 |
|
|
|a Platňa obsahuje 4 piesne
|
| 500 |
|
|
|a Názov prevzatý z obalu
|
| 500 |
|
|
|a Miesto vydania podľa vydavateľa
|
| 500 |
|
|
|a analog
|c 45 ot/min
|g stereo
|2 rda
|
| 650 |
0 |
7 |
|a populárna hudba
|2 SNKPH
|9 3428
|
| 650 |
0 |
7 |
|a Popular music
|2 SNKPHeng
|9 90436
|
| 655 |
|
7 |
|a gramofónové platne
|2 SNKPH
|9 74608
|
| 655 |
|
7 |
|a Gramophone records
|2 SNKPHeng
|9 286457
|
| 700 |
1 |
|
|a Cliff, Jimmy
|4 cmp
|9 364336
|
| 700 |
1 |
|
|a Sigmund, Aleš
|4 lyr
|4 cmp
|9 314190
|
| 700 |
1 |
|
|a Suchý, Ondřej,
|d 1945-
|4 lyr
|9 122917
|
| 700 |
1 |
|
|a Stevens, Cat
|4 cmp
|9 364337
|
| 700 |
1 |
|
|a Elefteriadu, Martha
|4 sng
|9 364338
|
| 700 |
1 |
|
|a Elefteriadu, Tena
|4 sng
|9 364339
|
| 700 |
1 |
|
|a Sigmund, Aleš
|4 pro
|4 arr
|9 314190
|
| 710 |
2 |
|
|a Skupina Aleše Sigmunda
|4 prf
|9 153315
|
| 710 |
2 |
|
|a Orchestr Václava Zahradníka
|4 prf
|9 63207
|
| 740 |
0 |
2 |
|a Až se vdám
|h zvukový dokument
|
| 740 |
0 |
2 |
|a Zoologická záhrada
|h zvukový dokument
|
| 740 |
0 |
2 |
|a Má to takhle být
|h zvukový dokument
|
| 740 |
0 |
2 |
|a Odpovědi na otázky
|h zvukový dokument
|
| 999 |
|
|
|c 608751
|d 610681
|
| 952 |
|
|
|a SNK
|b SNK
|y PREZ
|7 0
|p 17A1418900
|o snkST 214
|i snk6847/78
|0 0
|1 0
|4 0
|d 2020-07-21
|l 0
|r 2026-02-23 16:16:05
|w 2026-02-23
|